000 00571nam a2200229Ia 4500
003 OSt
005 20221005130217.0
006 a|||||r|||| 00| 0
007 ta
008 221004b |||||||| |||| 00| 0 kan d
024 _a59915
037 _cTextual
040 _aCRL
_cCRL
_bkan
041 _2kan
_akan
082 _aO33,1J99x, J9.3
100 _aNanjunda Au.
_9637763
245 0 _aRamanadhe charite
260 _c1959
650 _aKANNAD POETRY
942 _hO33,1J99x, J9.3
_cTEXL
_2cc
999 _c1056440
_d1056440